000
00237 a2200097 4500
001
15038
100
_a
Clark M
245
_a
Meeting soviet man
260
_a
London Sydney Melbourne Wellington
_b
Angus Robertson
_c
090
_c
11793
_d
11793
942
_a
NUST-CAE
_c
M
_c
1995
999
_c
250111
_d
250111